College Quizbowl Stats
College Quizbowl Stats
Circuits
Seasons
Sets
Records
Detailed Stats
About
Loading...
2023 ILLIAC (Mainsite)
Tossups
Bonuses
Players
Teams
Categories (Tossup)
Categories (Bonus)
Danel Fernandes
Ohio State C
Categories
Category
Powers
Gets
Negs
BBs
Points
Earliest Buzz
Avg. Buzz
First Buzzes
Top 3 Buzzes
BPA
PVF
Religion
1
0
0
0
15
37
37.00
0
0
8.22
4.17
History - American
0
1
0
0
10
95
95.00
0
0
3.17
4.17
History - World
0
1
0
0
10
89
89.00
0
1
3.56
9.72
Social Science
1
0
1
0
10
42
42.00
0
1
7.25
9.72
Buzzes
Category
Answer
Value
Buzz Position
Religion
bread
15
37
Social Science
suffrage
15
42
Social Science
ADHD
-5
73
History - World
Vancouver
10
89
History - American
cocaine
10
95
Previous
1
Next